Vista normal Vista MARC

Entrada Personal Name

Número de registros utilizados en: 1

001 - CONTROL NUMBER

  • control field: 69286

003 - CONTROL NUMBER IDENTIFIER

  • control field: OSt

005 - DATE AND TIME OF LATEST TRANSACTION

  • control field: 20260226164441.0

008 - FIXED-LENGTH DATA ELEMENTS

  • fixed length control field: 260226|| aca||aabn | a|a d

040 ## - CATALOGING SOURCE

  • Original cataloging agency: OSt
  • Transcribing agency: OSt

100 ## - HEADING--PERSONAL NAME

  • Personal name: Heitz, Bruno,
  • Dates associated with a name: 1957-

670 ## - SOURCE DATA FOUND

  • Source citation: Work cat.: (OSt)60629: Heitz, Bruno, 1957-, Yoyo el mago /









Instituto Departamental de Cultura del Meta - Red Departamental de Bibliotecas Públicas del Meta.